00406nam a2200145Ia 4500003000400000005001700004008004100021040000900062082002000071100002200091245004500113260005700158300000900215650003600224OSt20201217103118.0190216s9999||||xx |||||||||||||| ||und|| coclc a294.5925bMAN/L aMani, M A Vettam  0aLaghu Purana Nighandu /cM A Vettam Mani bSahithya Pravarthaka Co-Operative,c1969.aKottayam: a642p aMalayalam Laghu Purana Nighandu